Culture Générale - Série 2624 - Statistiques

Statistiques générales
  • Ce quiz a été pris 89 fois
  • Le résultat moyen est 3 sur 10
Statistiques - réponses
Question Réponse % Correct
Dans l'Himalaya, guide ou porteur d'une expédition en haute montagne. sherpa
76%
Quelle fleur est le symbole de Toulouse ? violette
56%
Massacre organisé contre la communauté juive notamment à la fin du XIXe siècle dans l'Empire russe - Massacre organisé contre une communauté ethnique ou religieuse - 6 lettres commençant par " p " pogrom
43%
Figure de style qui consiste à dire moins pour suggérer plus - La plus connue est contenue dans Le Cid de Corneille. Dans l'acte III, scène IV, Chimène s'adresse à Rodrigue en ces termes : « Va, je ne te hais point ! », pour lui signifier qu'elle l'aime encore. litote
35%
Sur quelle commune des Bouches du Rhône se situe "le cap Canaille" ? Cassis
33%
De qui Indira Ghandi est-elle la fille ? Jawaharial Nehru
24%
De quel pays le birr est-il la monnaie locale ? Ethiopie
8%
Agent de maîtrise, contremaître dans les mines de charbon - 6 lettres porion
8%
Chercher à régir le jugement et le comportement d'autrui en proposant ou imposant des modèles de pensée, des règles de conduite; (s'efforcer de) faire partager - 11 lettres commençant par " e " endoctriner
6%
Tourbillon creux qui prend naissance, sous certaines conditions, dans un fluide en écoulement - Ensemble de nuages enroulés en spirale, spécifique d'une dépression vortex
6%
Aucun quiz correspondant
Distribution des résultats
% des personnes avec chaque résultat
Percentile par nombre de réponses
Votre historique - résultats
Vous n’avez pas pris ce quiz